[Event "16th IRI-chT Super League 2017"]
[Site "Sari"]
[Date "2017.09.14"]
[Round "4"]
[White "Mari Ooriad, Pouya"]
[Black "Firouzja, Alireza"]
[Result "0-1"]
[WhiteElo "2166"]
[BlackElo "2527"]
[Annotator "TA"]
[PlyCount "60"]
[EventDate "2017.??.??"]
[EventType "team-tourn"]
[EventCountry "IRI"]
[SourceTitle "playchess.com"]
[Source "ChessBase"]
[SourceQuality "1"]

{[%evp 13,60,4,17,14,4,16,25,22,38,15,42,18,22,0,0,0,0,-59,-26,-92,-76,-87,-78,-45,-32,-68,-68,-56,-68,-178,-163,-263,-226,-300,-309,-304,-303,-311,-264,-302,-301,-310,-306,-410,-385,-412,-429,-465,-479]} 1. e4 c5 2. Nc3 d6 3. f4 Nc6 4. Nf3 g6 5. Bb5 Bd7 6. O-O Bg7 7. d3 a6 {LiveBook: 84 Games. B23: Closed Sicilian: Lines without g3} 8. Bc4 (8. Bxc6 Bxc6 9. Qe1 Qd7 10. Bd2 e6 11. Rb1 Ne7 12. a3 b5 13. b4 Bb7 14. Ne2 Rc8 15. Bc3 f6 16. Kh1 O-O 17. Qd2 Qc7 {0-1 (47) Anton Guijarro,D (2634)-Korobov,A (2700) Berlin 2015}) 8... b5 9. Bb3 Na5 {The position is equal.} 10. Qe1 b4 $146 ({Find the theoretical novelty and annotate with similar games:} 10... Nxb3 11. axb3 Nh6 12. f5 Ng4 13. h3 Ne5 14. Nxe5 Bxe5 15. Bf4 {½-½ (56) Augustin,H (2008)-Von Wedel,B (2241) GER email 2010}) 11. Ne2 Rc8 12. Kh1 Qb6 13. Qh4 c4 $36 {[%mdl 2048] Black has good play.} 14. dxc4 Nxc4 15. f5 (15. e5 $11) 15... a5 $1 $15 16. e5 (16. c3 $11 {remains equal.}) 16... Nxe5 $17 17. Nxe5 Bxe5 18. Bf4 Bxf5 (18... Bxb2 19. Rae1 $17) 19. Ng3 {[#] And now Bxe5 would win.} Bf6 20. Bg5 Be6 ({Don't play} 20... Bxb2 $6 21. Nxf5 gxf5 22. Rae1 $14) 21. Ba4+ ({White should play} 21. Bxf6 $15 Nxf6 22. Rxf6 exf6 23. Ne4) 21... Kf8 $19 22. Ne4 (22. Bxf6 $142 Nxf6 23. Bb3) 22... Be5 23. Rf3 h6 (23... Bxb2 24. Raf1 $19) 24. Be3 Qb7 25. Raf1 Kg7 ({Not} 25... Bxa2 26. b3 $11) ({But not} 25... Bxb2 26. Bb3 $19) 26. Bb3 Bxb3 27. axb3 {[%csl Gf1][%cal Rf3f7] [#]} f5 28. Nd2 Rxc2 29. Nc4 Nf6 30. Nxa5 Qe4 {Precision: White = 23%, Black = 79%.} 0-1

[Event "16th IRI-chT Super League 2017"]
[Site "Sari"]
[Date "2017.09.14"]
[Round "4"]
[White "Poormosavi, Seyed Kian"]
[Black "Tabatabaei, M amin"]
[Result "0-1"]
[WhiteElo "2123"]
[BlackElo "2548"]
[Annotator "TA"]
[PlyCount "90"]
[EventDate "2017.??.??"]
[EventType "team-tourn"]
[EventCountry "IRI"]
[SourceTitle "playchess.com"]
[Source "ChessBase"]
[SourceQuality "1"]

1. Nf3 {Program Activation Required} d5 2. g3 g6 3. Bg2 Bg7 4. c4 dxc4 5. Qa4+ Nc6 6. Qxc4 e5 7. d3 Nge7 8. Nc3 O-O 9. O-O Be6 {A07: Barcza-System (Königsfianchetto mit möglichen Übergängen in andere Systeme)} (9... h6 10. Qa4 Bd7 11. Qa3 Nf5 12. Bd2 Re8 13. Rac1 b6 14. Rfe1 a5 15. b3 Rc8 16. Qb2 Ncd4 17. Nxd4 exd4 {½-½ (152) Nakamura,H (2793)-Caruana,F (2787) Saint Louis 2015}) 10. Qh4 Nf5 11. Qxd8 Raxd8 12. Ng5 Bc8 13. Bd2 $146 ({Vorgänger:} 13. Nge4 Nfd4 14. Be3 Bg4 15. f3 Bc8 16. a3 Nc2 17. Bc5 Nxa1 18. Bxf8 Kxf8 19. Rxa1 {0-1 (51) Bertok,B (2050)-Gokhale,R (2155) Budapest 2008}) 13... Nfd4 14. Rac1 h6 15. Nf3 Nxf3+ 16. Bxf3 Nd4 17. Bg2 c6 18. b4 a6 19. Be3 f5 20. a4 Bd7 21. b5 axb5 22. axb5 cxb5 23. Bxd4 exd4 24. Nd5 Rfe8 25. Rfe1 Kh8 26. Nc7 Re7 27. Bxb7 Rb8 28. Bd5 b4 29. Na6 Rb6 30. Nc5 Be8 31. Nb3 Rd6 32. Bc4 h5 33. Ra1 Kh7 34. Ra8 f4 35. Nd2 Bc6 36. Ra6 Be5 37. Bb3 Rf6 38. gxf4 Bb7 39. Rxf6 Bxf6 40. Nc4 g5 41. e4 dxe3 42. fxe3 gxf4 43. e4 Rg7+ 44. Kh1 Bd4 45. Nd6 f3 0-1

[Event "16th IRI-chT Super League 2017"]
[Site "Sari"]
[Date "2017.09.14"]
[Round "4"]
[White "Sebt Rasoul, Seyede Setare"]
[Black "Hejazipour, Mitra"]
[Result "1/2-1/2"]
[WhiteElo "1943"]
[BlackElo "2345"]
[Annotator "TA"]
[PlyCount "42"]
[EventDate "2017.??.??"]
[EventType "team-tourn"]
[EventCountry "IRI"]
[SourceTitle "playchess.com"]
[Source "ChessBase"]
[SourceQuality "1"]

{[%evp 25,42,5,12,18,7,18,19,0,4,-16,0,0,9,-31,-31,-22,-1,-12,0]} 1. e4 c5 2. Nf3 d6 3. d4 cxd4 4. Nxd4 Nf6 5. Nc3 a6 6. f3 e5 7. Nb3 Be6 8. Be3 h5 9. Qd2 Nbd7 10. Nd5 {B90: Sicilian Najdorf: Unusual White 6th moves, 6 Be3 Ng4 and 6 Be3 e5} Bxd5 11. exd5 g6 12. Be2 (12. O-O-O Nb6 13. Qa5 Bh6 14. Bxh6 Rxh6 15. Qd2 Rh8 16. f4 exf4 17. Qxf4 {½-½ (57) Ponomariov,R (2699)-Wang,H (2698) Danzhou 2017}) 12... Qc7 13. Na5 Ng8 {[%cal Bf6g8,Bg8h6,Bh6f5,Bf5e7][%mdl 32] LiveBook: 4 Games} 14. c4 Bh6 15. Bxh6 $146 ({Predecessor:} 15. b4 Bxe3 16. Qxe3 Ne7 17. O-O O-O {½-½ (31) Hagen,A (2421)-Teplyi,I (2393) Odense 2013}) 15... Nxh6 16. b4 Nf5 17. Nb3 b6 18. Bd3 a5 19. a4 axb4 20. Qxb4 Ne7 21. O-O g5 1/2-1/2

[Event "16th IRI-chT Super League 2017"]
[Site "Sari"]
[Date "2017.09.14"]
[Round "4"]
[White "Sebt Rasoul, Seyede Setare"]
[Black "Hejazipour, Mitra"]
[Result "*"]
[WhiteElo "1943"]
[BlackElo "2345"]
[Annotator "TA"]
[PlyCount "34"]
[EventDate "2017.??.??"]
[EventType "team-tourn"]
[EventCountry "IRI"]
[SourceTitle "playchess.com"]
[Source "ChessBase"]
[SourceQuality "1"]

{[%evp 23,25,37,47,10]} 1. e4 c5 2. Nf3 d6 3. d4 cxd4 4. Nxd4 Nf6 5. Nc3 a6 6. f3 e5 7. Nb3 Be6 8. Be3 h5 9. Qd2 Nbd7 10. Nd5 {B90: Sicilian Najdorf: Unusual White 6th moves, 6 Be3 Ng4 and 6 Be3 e5} Bxd5 11. exd5 g6 12. Be2 Qc7 {LiveBook: 17 Games} 13. Na5 {[#]} {Predecessor:} Bg7 $146 14. O-O e4 15. c4 exf3 16. gxf3 O-O 17. Rac1 Rfe8 {0-1 (92) Tomczak,J (2603)-Swiercz,D (2665) Poznan 2016} *

[Event "16th IRI-chT Super League 2017"]
[Site "Sari"]
[Date "2017.09.14"]
[Round "4"]
[White "Nejadshirazi Mohammad Reza"]
[Black "Gholami, Aryan"]
[Result "0-1"]
[WhiteElo "1905"]
[BlackElo "2468"]
[Annotator "TA"]
[PlyCount "116"]
[EventDate "2017.??.??"]
[EventType "team-tourn"]
[EventCountry "IRI"]
[SourceTitle "playchess.com"]
[Source "ChessBase"]
[SourceQuality "1"]

{[%evp 17,116,8,18,-8,0,0,0,0,10,5,7,0,13,0,22,-17,0,-22,-14,-13,-18,-11,-6,-54,-70,-68,-59,-81,-81,-79,-80,-80,-79,-84,-83,-83,-75,-66,-59,-107,-102,-114,-102,-126,-123,-131,-129,-161,-146,-209,-204,-208,-183,-179,-207,-202,-174,-237,-237,-227,-123,-122,-115,-192,-192,-197,-194,-260,-184,-216,-226,-283,-280,-291,-299,-422,-422,-861,-898,-887,-898,-889,-853,-797,-847,-1691,-1561,-7092,-6532,-6385,-5946,-3800,-2002,-29968,-29969,-29982,-29982,-29983,-29982,-29980,-29967]} 1. d4 Nf6 2. c4 e6 3. Nc3 Bb4 4. Qc2 b6 5. e4 c5 6. d5 {E32: Nimzo-Indian: Classical (4 Qc2): 4...0-0} Qe7 7. Bg5 exd5 8. Bxf6 Qxf6 9. cxd5 O-O {LiveBook: 4 Games} 10. Nge2 $146 ({Find the theoretical novelty and annotate with similar games:} 10. a3 Ba5 11. Bd3 d6 12. Nf3 Nd7 13. O-O a6 {½-½ (23) Bajarani,U (2551)-Mchedlishvili,M (2635) Al Ain 2015}) 10... d6 11. Ng3 a6 12. Be2 b5 13. O-O Nd7 14. a4 bxa4 15. Rxa4 g6 16. Rfa1 {[%cal Re2a6]} a5 17. Nf1 Nb6 {White must now prevent ...Bxc3.} 18. R4a2 Bd7 19. Ne3 Rfe8 {[%cal Bf8e8,Be8e4,Be4d4][%mdl 32]} 20. Nc4 Nxc4 21. Bxc4 Qd4 22. Bb5 Bxb5 $1 23. Nxb5 Qxe4 24. Qxe4 Rxe4 25. Nxd6 Rd4 26. Nb5 Rd3 27. g3 Re8 28. Nc3 Rd2 29. Rc1 Re5 30. Raa1 Rxb2 31. Na4 Rd2 32. Nxc5 Rdxd5 33. Nb3 (33. Na6 $17) 33... Rd3 $19 34. Rcb1 Bc3 35. Ra3 Rb5 {...Bf6 is the strong threat.} 36. Kg2 Bb4 37. Ra2 (37. Raa1 {keeps fighting.}) 37... Bf8 38. Nc1 {[#]} Rxb1 (38... Rxg3+ $1 $19 {[%mdl 512]} 39. hxg3 (39. fxg3 Rxb1) 39... Rxb1) 39. Nxd3 {[%mdl 4096] Endgame KRB-KRN} Rb3 40. Nf4 {[#]} (40. Ne5 $17) 40... Ra3 $1 {[%cal Ra3a2]} 41. Rc2 a4 {[%cal Ba5a4,Ba4a3,Ba3b2][%mdl 32]} 42. Rc8 (42. Kf1 $142) 42... Ra1 43. Nd5 Kg7 44. Rc2 a3 45. Kf3 Rh1 46. h4 (46. Kg2 $142 Rb1 47. Kf3) 46... Rb1 47. Ke2 (47. Nf4 $142 Rb3+ 48. Ke4) 47... Rb2 48. Rxb2 axb2 {KB-KN} 49. Nc3 Bb4 50. Nb1 h5 51. f3 f5 52. Kd3 Be1 53. Kc2 Bxg3 54. Kxb2 Bxh4 55. Nd2 Bg5 {Black mates.} 56. Nc4 Bf4 57. Nb6 h4 {[%cal Bh5h4,Bh4h3][%mdl 32]} 58. Nd5 h3 {Precision: White = 28%, Black = 63%.} 0-1

[Event "16th IRI-chT Super League 2017"]
[Site "Sari"]
[Date "2017.09.14"]
[Round "4"]
[White "Mobarhani, Nazanin"]
[Black "Pourkashiyan, Atousa"]
[Result "0-1"]
[WhiteElo "1867"]
[BlackElo "2341"]
[Annotator "TA"]
[PlyCount "102"]
[EventDate "2017.??.??"]
[EventType "team-tourn"]
[EventCountry "IRI"]
[SourceTitle "playchess.com"]
[Source "ChessBase"]
[SourceQuality "1"]

1. d4 {Program Activation Required} Nf6 2. Nc3 d5 3. Bg5 Nbd7 4. f3 c5 5. e4 cxd4 6. Bxf6 gxf6 {D01: Damenbauernspiele (Richter-Weressow)} 7. Qxd4 dxe4 8. fxe4 a6 9. O-O-O e6 10. Nf3 Qa5 11. Nd2 $146 ({Vorgänger:} 11. Bc4 Be7 12. Rhe1 Bc5 13. Qd2 h5 {0-1 (55) Kis,B (2079)-Gyorkos,L (2371) Budapest 2016}) 11... Bc5 12. Qd3 Qc7 13. Nc4 b5 14. Nd6+ Bxd6 15. Qxd6 Qxd6 16. Rxd6 Ke7 17. Rd4 Ne5 18. Be2 Rg8 19. g3 Bd7 20. Rhd1 Rgb8 21. a3 Be8 22. Na2 a5 23. Kb1 Ra7 24. b3 Rc7 25. Kb2 Rbc8 26. R1d2 Rb8 27. Rd1 Bc6 28. Nc1 Nd7 29. Re1 Nc5 30. e5 fxe5 31. Rh4 Be4 32. Nd3 Bf5 33. g4 Be4 34. Nxc5 Rxc5 35. Bd3 Bxd3 36. cxd3 Rd8 37. Re3 Rd4 38. h3 Rf4 39. Re2 Rf3 40. Rd2 Rd5 41. g5 e4 42. Rxe4 Rxh3 43. Kc2 Rc5+ 44. Kb2 Rxg5 45. Rf4 Rd5 46. Rdf2 f5 47. d4 Kf6 48. Rg2 a4 49. b4 Rb3+ 50. Ka2 Rd3 51. Rh4 R3xd4 0-1

[Event "16th IRI-chT Super League 2017"]
[Site "Sari"]
[Date "2017.09.15"]
[Round "5"]
[White "Idani, Pouya"]
[Black "Lorparizangeneh, Shahin"]
[Result "1-0"]
[WhiteElo "2566"]
[BlackElo "2507"]
[Annotator "TA"]
[PlyCount "67"]
[EventDate "2017.??.??"]
[EventType "team-tourn"]
[EventCountry "IRI"]
[SourceTitle "playchess.com"]
[Source "ChessBase"]
[SourceQuality "1"]

{[%evp 34,67,21,25,16,8,2,7,36,29,38,51,91,75,152,132,139,144,212,191,290,309,331,281,502,502,466,490,446,479,530,485,677,670,891,882]} 1. e4 e5 2. Nf3 Nc6 3. Bb5 {[%cal Bf1b5,Bb5a4,Ba4b3][%mdl 32]} a6 4. Ba4 Nf6 5. O-O Be7 6. Re1 b5 7. Bb3 d6 8. c3 O-O 9. d4 Bg4 10. Be3 exd4 11. cxd4 Na5 12. Bc2 Nc4 13. Bc1 c5 14. b3 Nb6 15. Nbd2 Nfd7 16. h3 {C91: Closed Ruy Lopez: 7...d6 8 c3 0-0 9 d4} (16. Bb2 Rc8 17. a4 bxa4 18. bxa4 cxd4 19. a5 Nc4 20. Nxc4 Rxc4 21. Bd3 Bxf3 22. gxf3 Rc5 23. Bxd4 Rxa5 24. Bxa6 {½-½ (45) Shirov,A (2691)-Glud,J (2522) Jurmala 2017}) 16... Bh5 17. a4 bxa4 18. bxa4 {LiveBook: 4 Games. The position is equal.} a5 19. g4 $146 ({Predecessor:} 19. dxc5 Nxc5 20. Ba3 Ne6 21. Bd3 Nd7 22. Bb5 Ndc5 23. Nc4 Ng5 {1-0 (59) Vozda,J (2471)-Laurenc,P (2349) ICCF email 2010}) 19... Bg6 20. d5 h5 21. Nf1 {[%cal Bd2f1,Bf1g3,Bg3f5][%mdl 32]} hxg4 22. hxg4 Re8 23. Ng3 Rb8 (23... Bf6 $142 24. Rb1 Bc3) 24. Kg2 $16 Nf6 25. Nh2 Nh7 {[#]} (25... Nfd7 $16) 26. f4 $1 $18 f6 (26... Bf6 {was necessary.}) 27. Nf3 Bf7 28. Nf5 g6 $2 (28... Bf8 29. Rh1 Nc4) 29. Nh6+ {White is clearly winning.} Kg7 30. Nxf7 Kxf7 31. Rh1 Rh8 32. e5 dxe5 33. Qd3 Qg8 34. fxe5 {Precision: White = 89%, Black = 14%.} 1-0

[Event "16th IRI-chT Super League 2017"]
[Site "Sari"]
[Date "2017.09.15"]
[Round "5"]
[White "Ghaem Maghami, Ehsan"]
[Black "Mari Ooriad, Pouya"]
[Result "1/2-1/2"]
[WhiteElo "2560"]
[BlackElo "2166"]
[Annotator "TA"]
[PlyCount "115"]
[EventDate "2017.??.??"]
[EventType "team-tourn"]
[EventCountry "IRI"]
[SourceTitle "playchess.com"]
[Source "ChessBase"]
[SourceQuality "1"]

1. c4 {Program Activation Required} g6 2. d4 Nf6 3. Nc3 Bg7 4. e4 d6 5. Be2 O-O 6. Nf3 e5 7. Be3 exd4 8. Nxd4 Re8 9. f3 c6 10. O-O d5 11. cxd5 Nxd5 12. Nxd5 cxd5 13. Qb3 Nc6 {E94: Königsindisch (Klassisches System)} (13... a5 14. Rad1 a4 15. Qc2 Bd7 16. Nb5 Nc6 17. Nd6 Re7 18. Nxb7 Qc7 19. Nc5 d4 20. Bf2 Be8 21. Nd3 {0-1 (48) Lalith,B (2587)-Mamedov,R (2688) Doha 2016}) 14. Rad1 Nxd4 15. Bxd4 Bxd4+ 16. Rxd4 Qf6 17. Rd2 Qf4 18. Qxd5 Be6 19. Qd6 Qe3+ 20. Rf2 $146 ({Vorgänger:} 20. Kh1 Bxa2 21. Qd4 Qxd4 22. Rxd4 {1-0 (50) Savina,A (2336)-Docx,S (2328) Antwerp 2011}) 20... Bxa2 21. Bb5 Rec8 22. g3 Be6 23. Kg2 a6 24. Bd7 Rd8 25. Qe7 Rxd7 26. Rxd7 Bxd7 27. Qxd7 b5 28. Qc6 Ra7 29. Qd6 Ra8 30. Qc6 Ra7 31. Qe8+ Kg7 32. Qe5+ f6 33. Qd6 a5 34. Rc2 a4 35. h4 h5 36. Qb8 Re7 37. Qd8 Ra7 38. Qb8 Re7 39. Qxb5 Rxe4 40. Qd7+ Re7 41. Qxa4 Qd3 42. Rf2 Qb1 43. Rd2 Qe1 44. Qc2 Qa1 45. b4 Rb7 46. Qb2 Qe1 47. b5 Kh6 48. Re2 Qd1 49. Rf2 Qd6 50. Qc1+ Kg7 51. Qc6 Qb8 52. Re2 Rxb5 53. Re7+ Kh6 54. Qxf6 Rb2+ 55. Kh3 Rh2+ 56. Kxh2 Qxg3+ 57. Kh1 Qg2+ 58. Kxg2 1/2-1/2

[Event "16th IRI-chT Super League 2017"]
[Site "Sari"]
[Date "2017.09.15"]
[Round "5"]
[White "Tabatabaei, M amin"]
[Black "Nejadshirazi Mohammad Reza"]
[Result "1-0"]
[WhiteElo "2548"]
[BlackElo "1905"]
[Annotator "TA"]
[PlyCount "117"]
[EventDate "2017.??.??"]
[EventType "team-tourn"]
[EventCountry "IRI"]
[SourceTitle "playchess.com"]
[Source "ChessBase"]
[SourceQuality "1"]

{[%evp 13,117,15,23,9,13,8,20,13,13,14,16,6,75,47,50,36,38,14,34,8,27,22,22,8,62,53,54,48,64,77,77,80,79,64,71,84,82,63,78,77,83,88,95,87,115,109,128,118,177,174,183,134,147,139,170,147,158,170,169,147,147,147,203,193,186,178,247,210,325,333,322,322,773,798,579,492,1782,1725,1397,1577,1273,1182,5297,2239,29959,29960,29958,29959,29957,29955,29963,29960,29968,29970,29950,29951,29985,29986,29986,29987,29988,29989,29989,29990,29991,29992]} 1. c4 Nf6 2. Nc3 c5 3. g3 g6 4. Bg2 Bg7 5. e3 O-O 6. Nge2 e6 {A34: Symmetrical English: 2 Nc3, lines with ...d5} (6... Nc6 7. d4 d6 8. O-O Bd7 9. b3 a6 10. Bb2 Rb8 11. a4 Na5 12. e4 e5 13. dxe5 dxe5 14. Nd5 Nc6 15. f4 Re8 16. h3 Nxd5 17. exd5 Nb4 18. Qd2 e4 19. Bxg7 Kxg7 {½-½ (28) Svidler,P (2759)-Ponomariov,R (2706) Almaty 2016}) 7. d4 cxd4 {LiveBook: 5 Games} 8. Nxd4 d5 {The position is equal.} 9. cxd5 exd5 10. O-O Nc6 11. Qb3 Na5 12. Qc2 $146 ({Predecessor:} 12. Qb5 Bd7 13. Qd3 Bc6 14. b3 {1-0 (33) Hasek,V (2091)-Vohnout,P Klatovy 2004}) 12... Be6 (12... Nc6 $11) 13. b3 Nc6 14. Nxc6 bxc6 15. Ba3 Re8 (15... Bf5 $5 {[%cal Rf5c2]} 16. e4 Nxe4 17. Bxe4 dxe4 $11) 16. Rac1 Bf5 17. Qd2 Rc8 18. Bb2 Qa5 ({Better is} 18... h5 $11) 19. Rfd1 $36 {[%cal Rc3d5][%mdl 2048] Black is under pressure.} Qb4 20. Na4 Qxd2 21. Rxd2 Nd7 22. Bxg7 Kxg7 23. Nc5 Nxc5 24. Rxc5 Kf6 25. Bf1 Bd7 26. b4 Re5 27. a3 h5 28. h4 g5 {...gxh4 would now be nice for Black.} 29. Rd4 gxh4 30. Rxh4 Ke7 (30... Bg4 $16 31. Kg2 Kg7) 31. Be2 $18 Kd6 32. Rxh5 Rxh5 33. Bxh5 {[%mdl 4096] Endgame KRB-KRB} f6 34. Bf3 Rb8 35. Ra5 Rb7 36. Kg2 Bf5 37. Be2 Kc7 (37... Rh7 $16 {might work better.} 38. b5 cxb5 39. Bxb5 (39. Rxb5 Re7 $16) 39... Rc7) 38. g4 Bg6 39. Kg3 Kb8 (39... Kd6 $142 40. Ra6 Be8) 40. Rc5 Rb6 (40... Be8 $142 41. Bf3 Rg7) 41. b5 cxb5 42. Rxb5 ({Much less strong is} 42. Bxb5 $6 Rd6 $18) 42... Rxb5 $2 (42... Kc7 43. Rxd5 Re6) 43. Bxb5 {KB-KB} Kc7 44. f4 Kd6 (44... Bc2 $142 45. Kh4 Kd6) 45. f5 Bf7 46. Kf4 Kc5 47. Bd7 d4 48. exd4+ Kxd4 49. Be6 {White mates.} Be8 50. g5 fxg5+ 51. Kxg5 a5 52. f6 Kc3 {[#]} 53. a4 $1 {[%mdl 512]} Kb4 {[#]} (53... Bxa4 54. f7) 54. Bd7 $1 {[%mdl 512]} Bxd7 55. f7 Bxa4 56. f8=Q+ Kb5 57. Kf4 Bb3 58. Ke3 a4 59. Kd4 {Precision: White = 74%, Black = 35%.} 1-0

[Event "16th IRI-chT Super League 2017"]
[Site "Sari"]
[Date "2017.09.15"]
[Round "5"]
[White "Darini, Pouria"]
[Black "Asgarizadeh, Ahmad"]
[Result "0-1"]
[WhiteElo "2488"]
[BlackElo "2412"]
[Annotator "TA"]
[PlyCount "58"]
[EventDate "2017.??.??"]
[EventType "team-tourn"]
[EventCountry "IRI"]
[SourceTitle "playchess.com"]
[Source "ChessBase"]
[SourceQuality "1"]

{[%evp 16,58,0,0,1,5,6,0,0,4,35,34,34,-7,-14,-25,-10,-16,-11,-19,-9,-12,0,0,5,-306,-295,-314,-290,-291,-167,-358,-268,-253,-254,-270,-262,-1106,-1115,-1073,-1049,-3196,-1733,-2158,-2013]} 1. e4 e5 2. Nf3 Nc6 3. d4 exd4 4. Nxd4 Bc5 5. Nb3 Bb6 6. Nc3 Nf6 7. Bg5 O-O {C45: Scotch Game} (7... h6 8. Bh4 d6 9. f3 g5 10. Bg3 a6 11. Qd2 Qe7 12. O-O-O Be6 13. h4 O-O-O 14. Kb1 Nd7 15. Bf2 Qf6 16. Bxb6 Nxb6 {0-1 (45) Dominguez Perez,L (2752)-Andreikin,D (2736) Novi Sad 2016}) 8. Bd3 h6 9. Bh4 {LiveBook: 3 Games} Ne5 {The position is equal.} 10. Nd5 g5 $146 {[#] Hoping for ...Nxd5.} 11. Nxb6 axb6 12. Bg3 Nxd3+ 13. cxd3 d5 14. h4 {And now hxg5 would win.} (14. e5 $5 {[%cal Re5f6]}) 14... dxe4 15. hxg5 Bg4 $36 {[%mdl 2048] Black has good play.} 16. Qd2 $1 e3 17. fxe3 Nh5 $1 {[%cal Rh5g3]} 18. Bh2 Qxg5 19. Bxc7 Rfc8 20. Bxb6 $2 {[%mdl 8192]} (20. Rc1 $11 {and White is okay.}) 20... Ng3 $19 21. Rg1 Ra6 22. Bd4 Rac6 (22... Ne2 $142 23. Rh1 Rd8) 23. Bc3 $2 (23. Rc1 {only move.} Rxc1+ 24. Nxc1) 23... Re8 24. e4 {Black must now prevent Qxg5+.} Qh4 {( -> ...Nxe4+)} 25. Qf2 f5 26. e5 $2 {[#]} (26. Rf1 Bh5 27. Qf4) 26... Rxc3 $1 {[%mdl 512] Black is clearly winning.} 27. d4 (27. bxc3 Rxe5+) 27... Rcc8 28. Rc1 Qh2 {Strongly threatening ...Ne4.} 29. Rxc8 Rxc8 {Precision: White = 32%, Black = 76%.} 0-1

[Event "16th IRI-chT Super League 2017"]
[Site "Sari"]
[Date "2017.09.15"]
[Round "5"]
[White "Golizadeh, Asghar"]
[Black "Firouzja, Alireza"]
[Result "1/2-1/2"]
[WhiteElo "2468"]
[BlackElo "2527"]
[Annotator "TA"]
[PlyCount "65"]
[EventDate "2017.??.??"]
[EventType "team-tourn"]
[EventCountry "IRI"]
[SourceTitle "playchess.com"]
[Source "ChessBase"]
[SourceQuality "1"]

{[%evp 19,65,11,7,7,18,1,25,20,50,48,85,70,84,80,74,75,91,80,53,25,56,65,188,225,238,227,191,0,0,0,0,0,0,0,0,0,0,0,0,0,0,0,0,0,0,0,0,0]} 1. d4 Nf6 2. c4 e6 3. Nc3 Bb4 4. f3 c5 5. d5 d6 6. e4 O-O 7. Nge2 exd5 8. cxd5 Re8 {E20: Nimzo-Indian: 4 g3 and 4 f3} 9. Ng3 Nbd7 10. Be2 a6 {LiveBook: 19 Games} 11. a4 Ne5 12. O-O c4 $146 ({Predecessor:} 12... Bd7 13. Be3 Rc8 14. Kh1 {1-0 (37) Korobov,A (2680)-Gundavaa,B (2501) Dubai 2014}) 13. Kh1 Rb8 14. Bg5 b5 15. f4 Ned7 $1 16. Bf3 h6 {[#]} 17. Bh4 $1 Bc5 18. axb5 axb5 19. Nh5 b4 20. Ne2 {[%cal Bc3e2,Be2g3,Bg3f5][%mdl 32]} Kh8 ({Better is} 20... Qc7 $1 $14) 21. Neg3 $18 g5 22. fxg5 Nh7 23. g6 $2 (23. Nf5 $18 hxg5 24. Bg3) 23... Qxh4 $11 {The position is equal.} 24. Nf5 {[#] White threatens g7+ and mate.} Qg5 25. g7+ Kg8 26. h4 Qg6 27. Nf4 Qf6 28. Nh5 Qg6 {White must now prevent ...Ndf6.} 29. Nf4 Qf6 30. Nh5 Qg6 {aiming for ...Ndf6.} 31. Nf4 Qf6 32. Nh5 Qg6 {Threatens to win with ...Ndf6.} 33. Qc1 {Precision: White = 87%, Black = 53%.} 1/2-1/2

[Event "16th IRI-chT Super League 2017"]
[Site "Sari"]
[Date "2017.09.15"]
[Round "5"]
[White "Hejazipour, Mitra"]
[Black "Zahedifar, Anahita"]
[Result "0-1"]
[WhiteElo "2345"]
[BlackElo "2106"]
[Annotator "TA"]
[PlyCount "65"]
[EventDate "2017.??.??"]
[EventType "team-tourn"]
[EventCountry "IRI"]
[SourceTitle "playchess.com"]
[Source "ChessBase"]
[SourceQuality "1"]

{[%evp 18,65,-4,6,22,29,64,45,75,77,115,116,116,118,114,121,147,147,148,138,190,190,184,185,204,128,135,121,122,128,156,128,141,9,290,0,0,0,0,0,0,0,355,343,856,574,1481,1424,1563,460]} 1. e4 c6 2. d4 d5 3. e5 Bf5 4. Nc3 e6 5. g4 Bg6 6. Nge2 c5 7. h4 h5 8. Nf4 Bh7 9. g5 {B12: Caro-Kann: Advance Variation} cxd4 (9... Bf5 10. Nxh5 cxd4 11. Nb5 d3 12. c3 Nc6 13. Ng3 Be4 14. Nxe4 dxe4 15. Qa4 Qd7 16. Qxe4 O-O-O {½-½ (38) Idani,P (2569)-Lupulescu,C (2637) Abu Dhabi 2017}) 10. Nb5 $1 {LiveBook: 23 Games} (10. Qxd4 Bxc2 11. Bh3 Ne7 $17) 10... Nc6 11. Qxh5 {Black must now prevent Nxe6.The position is equal.} g6 12. Qd1 a6 $146 ({Find the theoretical novelty and annotate with similar games:} 12... Qb6 13. h5 Bb4+ 14. c3 dxc3 15. bxc3 Bc5 16. hxg6 Bxf2+ {1-0 (24) Baroin,B (1970)-Jordaan,W (1834) LSS email 2008}) 13. Nxd4 Nxd4 14. Qxd4 Ne7 15. Bd2 Nf5 16. Qd3 Bg7 17. O-O-O $1 Qc7 18. Re1 Rc8 ({But not} 18... Bxe5 $2 19. Nxd5 $1 {[%mdl 512]} exd5 20. Qxd5 $18) (18... O-O-O $16) 19. Kb1 $18 Ne7 20. Bc3 Nc6 21. Bh3 d4 22. Bxd4 Nxd4 23. Qxd4 Qxc2+ 24. Ka1 {And now Bxe6! would win.} Rd8 25. Qb6 (25. Qe3 $16) 25... Qd2 $2 {[%mdl 8192] [#]} (25... O-O $1 $11) 26. Ne2 $2 (26. Nxe6 $1 $18 {[%mdl 512]} fxe6 27. Bxe6) 26... Bxe5 $11 27. Bxe6 {Threatens to win with Nc3.} ({Don't go for} 27. Qxb7 $2 Rb8 $19) 27... Rd6 28. Bxf7+ $1 ({Not} 28. Qxb7 $2 Rxe6 29. f4 Bg7 $19) 28... Kxf7 29. Qc7+ Ke6 $2 {[%mdl 8192]} (29... Kf8 $11 {and Black stays safe.} 30. Qb8+ Kf7 31. Qc7+ Kf8 32. Qb8+ Kf7 33. Qc7+) 30. Nc3 $18 Qd4 $2 (30... Qd1+ 31. Nxd1 Rxd1+ 32. Rxd1 Bxc7) 31. f4 {White is clearly winning.} Qxf4 32. Qxb7 Rhd8 33. Nb1 {[%mdl 32768] Precision: White = 65%, Black = 26%. . Loss on Time!?} (33. Rhf1 $142 Qxf1 34. Rxf1) 0-1